000 00621nam a2200217Ii 4500
003 JO-AjNU
008 230606s9999||||xx |||||||||||||| ||und||
020 _a0230-63261-0 / 978-0230-63261-5
040 _aJO-AjNU
_beng
_erda
_cJO-AjNU
041 _aeng
050 1 4 _aHG2039 2009
100 3 _aInstitute of Banking & Finance,
_eauthor
_91509
245 0 0 _aCo - Operative Banking Operations
250 _a1 ed
264 3 1 _aIndia: Macmillan,2009
300 _a361p
336 _atext
_btxt
_2rdacontent
337 _aunmediated
_bn
_2rdamedia
338 _avolume
_bnc
_2rdacarrier
650 4 _aBanking Operations
_91510
999 _aE794
_c794
_d794